000 00715nam a2200253Ia 4500
003 OSt
005 20221006143406.0
006 a|||||r|||| 00| 0
007 ta
008 221006b |||||||| |||| 00| 0 eng d
020 _c290.40
024 _a8,842
037 _cTextual
040 _aEASL
_cEASL
_beng
041 _2eng
_aeng
082 _aX.410bC82.N83, M4
100 _aCheng Chu-yuan
_9266243
245 0 _aDemand and supply of primary encergy in Mainland China
260 _aRepublic
_bof China Chung-Hua Institute for Economic Research
_c1984
300 _a178p.
_ccm.
490 _v CEL
942 _hX.410bC82.N83, M4
_cTEXL
_2CC
999 _c1076928
_d1076928